Visualizzazione normale
Vista MARC
- Revaux Jacques
di Personal Name
Records bibliografici associati: 1
001 - CONTROL NUMBER
- control field: 20073
003 - CONTROL NUMBER IDENTIFIER
- control field: IT-RoPau
005 - DATE AND TIME OF LATEST TRANSACTION
- control field: 20140410100836.0
008 - FIXED-LENGTH DATA ELEMENTS
- fixed length control field: 140410|| aca||aabn | a|a d
040 ## - CATALOGING SOURCE
- Original cataloging agency: IT-RoPau
- Transcribing agency: IT-RoPau
100 ## - HEADING--PERSONAL NAME
- Personal name: Revaux Jacques
- Relator term: Autore
- Miscellaneous information: Codice autore SPICS: 23744
- Name of part/section of a work: My Way
670 ## - SOURCE DATA FOUND
- Source citation: Work cat.: (IT-RoPau)102731: AA.VV. 794, Blue Melody